000 01153cam6a220026500 4500
001 lce00233541
008 770318s1977 enka b 101 0 eng
010 _a 77004342 //r82
020 _a047199524X
035 _a(Sirsi) r90035
035 _a(DLC) 77004342 //r82
035 _a(UPRA)lce00233541
050 0 _aGB561
_b.R58
082 _a551.4/83
245 0 0 _aRiver channel changes /
_cedited by K. J. Gregory.
260 _aChichester ; New York :
_aChichester ; New York :
_bWiley,
_cc1977.
500 _aBased on papers presented at a symposium organised by the British Geomorphological Research Group during the annual conference of the Institute of British Geographers at Lanchester Polytechnic in Jan. 1976.
500 _a"A Publication of the British Geomorphological Research Group."
500 _a"A Wiley-Interscience publication."
504 _aIncludes bibliographies and index.
650 0 _aRiver channels -- Congresses.
_xRiver channels -- Congresses.
_6S38359.1
700 1 _aGregory, K. J. (Kenneth John)
_qGregory, K. J. (Kenneth John)
_6A12101.1
949 _aGB561
_wlcc
_i-126483
_mMAIN
_tBOOK
_lON-SHELF
004 90035
999 _c63325
_d63325